Statystyki dla Ludzie quiz #6 - Znani sportowcy

Kliknij tutaj aby rozwiązać quiz!

Ogólne statystyki

  • Ten quiz został rozwiązany 51 razy
  • Średni wynik to 9 z 16

Statystyki odpowiedzi

Odpowiedź% Poprawnych
Jakub Błaszczykowski
98%
Luka Modrić
96%
Hubert Hurkacz
82%
Bartosz Zmarzlik
80%
Kobe Bryant
76%
Krzysztof Hołowczyc
73%
Peter Prevc
71%
Paweł Fajdek
64%
Jan Błachowicz
62%
Tomasz Gollob
56%
Marcin Lewandowski
42%
Pia Skrzyszowska
31%
Therese Johaug
31%
Monika Pyrek
29%
Rafał Majka
27%
Mikaela Shiffrin
16%

Rozkład punktacji

Percentyl według liczby udzielonych odpowiedzi

Procent ludzi z każdym wynikiem

Twoja historia wyników

Nie rozwiązałeś tego quizu